Historical figures by picture - B - Statistics

General Stats
  • This quiz has been taken 754 times
  • The average score is 8 of 20
Answer Stats
Picture Hint Answer % Correct
ca. 483 BCE- ca 400 BCE Buddha
82%
1685-1750 Bach
76%
ca. 1680-1718 Blackbeard
63%
ca. 1504- ca. 1536 Boleyn
61%
1906-1982 Brezhnev
54%
1899-1957 Bogart
52%
ca. 30-61 Boudica
46%
1783-1830 Bolivar
45%
1953-2007 Bhutto
43%
1846-1917 Bill
40%
1816-1855 Bronte
35%
1915-1982 Bergman
32%
1847-1922 Bell
25%
1913-1992 Brandt
25%
480-547 Benedict
18%
1561-1626 Bacon
17%
1806-1859 Brunel
16%
ca. 1120-1170 Becket
13%
1921-1996 Bokassa
9%
1483-1530 Babur
6%
No matching quizzes found
Score Distribution
Percent of People with Each Score
Percentile by Number Answered
Your Score History
You have not taken this quiz